000 00344nam a2200133 a 4500
005 20140513081057.0
008 080110s19uu xx 00 eng d
050 _aVCD
_bPr954 2006
245 _aPrincess stories :
_bbeauty shines from within.
260 _bWalt Disney,
_c2006.
440 _aWalt Disney
500 _aVolume 3
999 _c116608
_d116608